[Event "GRE ESSPEP-ch"]
[Site "Greece"]
[Date "2008.03.23"]
[Round "4"]
[White "Kouis, Marios"]
[Black "Kontovazenitis, Dimitrios"]
[Result "0-1"]
[WhiteElo "1005"]
[BlackElo "1650"]
[PlyCount "44"]
[EventDate "2008.03.21"]
[EventType "swiss"]
[EventRounds "5"]
[EventCountry "GRE"]
[SourceTitle "EXT 2024"]
[Source "ChessBase"]
[SourceDate "2023.10.10"]
[SourceVersion "1"]
[SourceVersionDate "2023.10.10"]
[SourceQuality "1"]

1. e4 e5 2. Nf3 Nc6 3. Bc4 Bc5 4. b4 Bxb4 5. c3 Be7 6. d4 exd4 7. Qb3 dxc3 8. Bxf7+ Kf8 9. Nxc3 Bf6 10. 0-0 Bxc3 11. Bxg8 Rxg8 12. Ng5 Qe8 13. Nxh7+ Ke7 14. Bg5+ Bf6 15. f4 Rh8 16. Nxf6 gxf6 17. Qc3 fxg5 18. Qg7+ Kd8 19. Qxg5+ Qe7 20. Qg6 Qh7 21. Qg5+ Ne7 22. h3 c6 0-1

[Event "GRE ESSPEP-ch"]
[Site "Greece"]
[Date "2008.03.22"]
[Round "3"]
[White "Kontovazenitis, Dimitrios"]
[Black "Mantikos, Konstantinos"]
[Result "0-1"]
[WhiteElo "1650"]
[BlackElo "1684"]
[PlyCount "148"]
[EventDate "2008.03.21"]
[EventType "swiss"]
[EventRounds "5"]
[EventCountry "GRE"]
[SourceTitle "EXT 2024"]
[Source "ChessBase"]
[SourceDate "2023.10.10"]
[SourceVersion "1"]
[SourceVersionDate "2023.10.10"]
[SourceQuality "1"]

1. f4 d5 2. Nf3 Nf6 3. b3 Bf5 4. Bb2 e6 5. e3 Be7 6. h3 h6 7. d3 c5 8. Nbd2 Nc6 9. a3 a6 10. Qe2 b5 11. h4 Bh7 12. Ne5 Nxe5 13. Bxe5 Bd6 14. Bb2 Rg8 15. g4 Qe7 16. Bg2 Rc8 17. g5 Nd7 18. Bf3 c4 19. dxc4 dxc4 20. bxc4 Bxc2 21. Bb7 Rb8 22. Bxa6 Nc5 23. Ra2 Nxa6 24. cxb5 Qb7 25. Rg1 Qxb5 26. Qxb5+ Rxb5 27. gxh6 Nc5 28. Bd4 Bh7 29. hxg7 e5 30. fxe5 Bxe5 31. Bxe5 Nd3+ 32. Ke2 Nxe5 33. a4 Ra5 34. Nb3 Ra7 35. h5 f6 36. h6 Kf7 37. a5 Re8 38. Nc5 Nc4 39. e4 Rxa5 40. Rxa5 Nxa5 41. Kf3 Nc6 42. Kf4 Nd4 43. Rg2 Ne6+ 44. Nxe6 Rxe6 45. Re2 Re5 46. Re3 Bg6 47. Re2 Kg8 48. Re3 Kh7 49. Rg3 Rxe4+ 50. Kf3 Re8 51. Rh3 Re5 52. Rg3 Re8 53. Rh3 Rc8 54. Kf2 Rc2+ 55. Ke1 Rc5 56. Rg3 Rg5 57. Rf3 Re5+ 58. Kd2 Rf5 59. Rh3 Bf7 60. Ke3 Rh5 61. Rg3 Rxh6 62. Kf4 Rg6 63. Rh3+ Kxg7 64. Rh2 Rg5 65. Rh1 Ra5 66. Rh2 Bg6 67. Rh1 Ra4+ 68. Ke3 f5 69. Rg1 Kf6 70. Rc1 f4+ 71. Kf2 Ra3 72. Rc6+ Kg5 73. Rc5+ Bf5 74. Rb5 Kg4 0-1